Počítačové programy a aproximácia autorského práva
Počítačové programy ako predmet autorského práva. Zaistenie čo najúčinnejšej ochrany. Unifikácia noriem Európskej únie.
Gespeichert in:
| 1. Verfasser: | |
|---|---|
| Format: | Buchkapitel |
| Sprache: | Slowakisch |
| Schlagworte: | |
| Tags: |
Keine Tags, Fügen Sie das erste Tag hinzu!
|
MARC
| LEADER | 00000naa$a2200000$$$4500 | ||
|---|---|---|---|
| 001 | 0003740 | ||
| 005 | 20230529124231.0 | ||
| 041 | 0 | |a slo | |
| 044 | |a SK | ||
| 245 | 1 | 0 | |a Počítačové programy a aproximácia autorského práva |c Eduard Szattler |
| 520 | |a Počítačové programy ako predmet autorského práva. Zaistenie čo najúčinnejšej ochrany. Unifikácia noriem Európskej únie. | ||
| 610 | 2 | 0 | |a programy počítačové |
| 610 | 2 | 0 | |a právo autorské |
| 610 | 2 | 0 | |a aproximácia práva |
| 610 | 2 | 0 | |a ochrana autorstva |
| 610 | 2 | 0 | |a zákony |
| 610 | 2 | 0 | |a smernice |
| 610 | 2 | 0 | |a Európska únia |
| 610 | 2 | 0 | |a Slovensko |
| 610 | 2 | 0 | |a Česko |
| 100 | 1 | |a Szattler, Eduard | |